| 000 | 00312nam a22001097a 4500 | ||
|---|---|---|---|
| 008 | 211026b ||||| |||| 00| 0 eng d | ||
| 050 |
_a170 _b1 |
||
| 245 | _aScripture Study Text Cum Workbook , Class 3 | ||
| 260 |
_aBangalore _bChildren Educational & Charitable Institution _c2017 |
||
| 300 | _a1 | ||
| 942 |
_2ddc _cBK |
||
| 999 |
_c11853 _d11853 |
||